00497nam a2200181Ia 4500020001800000082001700018245003400035260004000069300001500109504003600124650004200160650002000202650001800222650002100240650001500261700001800276700002100294 a1-4039-4364-8 a330.126 WEL- 0aWelfare states and the future aHampshirebPalgrave Macmillanc2005 axviii, 391 aincludes bibliography and index aWelfare statevCross-cultural studies aEconomic policy aSocial policy aWefare economics aState, The aKurian, Nimmi aVivekanandan, B.